000 00322nam a2200133Ia 4500
005 20251222155055.0
008 251222s9999||||xx |||||||||||||| ||spa||
082 _aMEQ. 08
100 _aKRUPP Marcus.
245 0 _aDiagnóstico Clínico y Tratamiento
250 _a1ra. ed.
264 _bEl manual moderno
942 _cLIB
999 _c37423
_d37423